[Event "C.to Europeo U12"]
[Site "Kallithea GRE"]
[Date "2000.10.02"]
[Round "1"]
[White "Messina, Elia"]
[Black "Vass, Viktor"]
[Result "0-1"]
[WhiteElo "1506"]
[BlackElo "2125"]
[PlyCount "102"]
[EventDate "2000.10.02"]

1. e4 e5 2. Nf3 Nc6 3. Bc4 Bc5 4. c3 Nf6 5. d3 d6 6. h3 O-O 7. Be3 Bb6 8. O-O
Qe7 9. Nbd2 Be6 10. Bxb6 axb6 11. Re1 Rad8 12. d4 exd4 13. cxd4 d5 14. exd5
Nxd5 15. Nb3 Qf6 16. Qd2 Bxh3 17. Qg5 Qxg5 18. Nxg5 Bf5 19. a3 h6 20. Nf3 Nf4
21. Rad1 b5 22. Bxb5 Bc2 23. Nc5 Bxd1 24. Rxd1 Na7 25. Bc4 b6 26. Ne4 Rfe8 27.
Ng3 Nc8 28. Bb5 Rf8 29. Nf5 Nd6 30. Nxd6 Rxd6 31. Rc1 Nd5 32. Ne5 f6 33. Ng6
Rf7 34. Be8 Re6 35. Bxf7+ Kxf7 36. Nh4 Re4 37. Nf3 g5 38. Re1 Rxe1+ 39. Nxe1
Ke6 40. Nc2 Nf4 41. g3 Nd3 42. b3 Kd5 43. Kf1 Nc1 44. b4 Nb3 45. Ke1 Nxd4 46.
Nxd4 Kxd4 47. Kd2 h5 48. a4 Kc4 49. a5 bxa5 50. bxa5 Kb5 51. Kd3 Kxa5 0-1